000 00568nam a22001937a 4500
999 _c170406
_d170406
005 20191213171457.0
010 _a77197
020 _c4.00
_a-
035 _a77197
037 _bBPPD
082 _a070
100 _aر حم علی ا لہا شمی
245 _aفن صحا فت
_cر حم علی ا لہا شمی
246 _aFun-e-Sahafat (Urdu)
_bbyReham Ali Alhashmi
260 _aDelhi
_c1943 ء
_bAnjuman Taraquee Urdu
270 _aArmy Pres Delhi
_bDelhi
_k-
_e-
300 _a220 ص
_c22 cm(hb)
942 _2ddc
_cUR
_h070
_mر ح م